A COMPREHENSIVE HISTORY OF MODERN INDIA (Record no. 1543)
[ view plain ]
| 000 -LEADER | |
|---|---|
| fixed length control field | 00323nam a22001337a 4500 |
| 020 ## - INTERNATIONAL STANDARD BOOK NUMBER | |
| ISBN | 81-207-2505-0 |
| 082 ## - DEWEY DECIMAL CLASSIFICATION NUMBER | |
| Classification number | 900 |
| Item number | CHO/C |
| 100 ## - MAIN ENTRY--AUTHOR NAME | |
| Personal name | CHOPRA, P.N |
| 245 ## - TITLE STATEMENT | |
| Title | A COMPREHENSIVE HISTORY OF MODERN INDIA |
| 260 ## - PUBLICATION, DISTRIBUTION, ETC. (IMPRINT) | |
| Place of publication | DELHI |
| Name of publisher | STERLING PUBLISHERS |
| Year of publication | 2005 |
| 300 ## - PHYSICAL DESCRIPTION | |
| Number of Pages | 394 |
| 650 ## - SUBJECT ADDED ENTRY--TOPICAL TERM | |
| Topical Term | HISTORY REFERENCE |
| Geographic subdivision | INDIA |
| 942 ## - ADDED ENTRY ELEMENTS (KOHA) | |
| Koha item type | Books |
| Withdrawn status | Lost status | Collection code | Home library | Current library | Shelving location | Date acquired | Source of acquisition | Cost, normal purchase price | Full call number | Accession Number | Koha item type |
|---|---|---|---|---|---|---|---|---|---|---|---|
| Reference | Main Library | Main Library | SHELF-5 H REFERENCE SOCIAL SCIENCE | 10/10/2006 | purchase | 125.00 | 900 CHO/C | 03302 | Books |